Faculty of Law Library — Cairo University

Official Online Catalog

الإجراءات الجنائية تأصيلا وتحليلا. (Record no. 48302)

MARC details
000 -LEADER
fixed length control field 01348nam a2200325 i 4500
003 - CONTROL NUMBER IDENTIFIER
control field EG-GICUC
005 - DATE AND TIME OF LATEST TRANSACTION
control field 20260121101429.0
008 - FIXED-LENGTH DATA ELEMENTS--GENERAL INFORMATION
fixed length control field 251204s1978 ua ad||fr|||| 00| 0 ara d
017 ## - COPYRIGHT OR LEGAL DEPOSIT NUMBER
Copyright or legal deposit number 1978/3680
020 ## - INTERNATIONAL STANDARD BOOK NUMBER
International Standard Book Number 9777307000
040 ## - CATALOGING SOURCE
Original cataloging agency EG-GICUC
Language of cataloging ara
Transcribing agency EG-GICUC
Modifying agency EG-GICUC
Description conventions rda
041 0# - LANGUAGE CODE
Language code of text/sound track or separate title ara
082 04 - DEWEY DECIMAL CLASSIFICATION NUMBER
Edition number 21
Classification number 343.3
Item number ر م . إ
092 04 - LOCALLY ASSIGNED DEWEY CALL NUMBER (OCLC)
Edition number 21
099 ## - LOCAL FREE-TEXT CALL NUMBER (OCLC)
Classification number Law1 10 343.3 ر م . إ 1978
100 0# - MAIN ENTRY--PERSONAL NAME
Personal name رمسيس بهنام
Relator term مؤلف.
245 12 - TITLE STATEMENT
Title الإجراءات الجنائية تأصيلا وتحليلا.
Number of part/section of a work الجزء الثانى /
Statement of responsibility, etc. دكتور رمسيس بهنام.
264 #1 - PRODUCTION, PUBLICATION, DISTRIBUTION, MANUFACTURE, AND COPYRIGHT NOTICE
Place of production, publication, distribution, manufacture الاسكندرية :
Name of producer, publisher, distributor, manufacturer منشأة المعارف,
Date of production, publication, distribution, manufacture, or copyright notice 1977 .
300 ## - PHYSICAL DESCRIPTION
Extent 481 صفحة :
Other physical details إيضاحيات، جداول ؛
Dimensions 24 سم.
336 ## - CONTENT TYPE
Source rda content
Content type term text
337 ## - MEDIA TYPE
Source rda media
Media type term Computer
338 ## - CARRIER TYPE
Source rda carrier
Carrier type term Online Resource
500 ## - GENERAL NOTE
General note الإجراء الاستقصائي (الاستلال والتعقيم )<br/>الإجراء القضاف - طرق الطعن في الأحكام الإجراء التنفيذي
546 ## - LANGUAGE NOTE
Language note النص باللغة العربية
650 14 - SUBJECT ADDED ENTRY--TOPICAL TERM
Topical term or geographic name entry element قانون الإجراءات الجنائية
650 14 - SUBJECT ADDED ENTRY--TOPICAL TERM
Topical term or geographic name entry element قانون الإجراءات الجنائية
856 40 - ELECTRONIC LOCATION AND ACCESS
Uniform Resource Identifier <a href="https://fll.law.cu.edu.eg/fulltext/bks/B10-06612.pdf">https://fll.law.cu.edu.eg/fulltext/bks/B10-06612.pdf</a>
905 ## - Cataloger and Reviser Names
Cataloger Name: Roqaia Ahmed
Revisor Name: Hassnaa
942 ## - ADDED ENTRY ELEMENTS (KOHA)
Source of classification or shelving scheme Dewey Decimal Classification
Koha item type Books
Edition 21
Suppress in OPAC No
Holdings
Withdrawn status Lost status Source of classification or shelving scheme Damaged status Not for loan Collection Home library Current library Date acquired Total checkouts Full call number Barcode Date last seen Copy number Price effective from Koha item type
    Dewey Decimal Classification   Not for loan القانون الجنائي جــــامعة القــاهرة مكتبة كلية الحقوق - المبنى الرئيسي 04.12.2025   Law1 10 343.3 ر م . إ 1978 1006612 V2 , C1 B10-06612 04.12.2025 1 04.12.2025 Books
    Dewey Decimal Classification     القانون الجنائي جــــامعة القــاهرة مكتبة كلية الحقوق - المبنى الرئيسي 04.12.2025   Law1 10 343.3 ر م . إ 1978 1006613 V2 , C2 B10-06613 04.12.2025 2 04.12.2025 Books
    Dewey Decimal Classification يحتاج إلى ترميم   القانون الجنائي جــــامعة القــاهرة مكتبة كلية الحقوق - فـرع الشيخ زايد 07.12.2025   Law2 10 343.3 ر م . إ 1978 1005758 V2 , C3 B10-05758 07.12.2025 3 07.12.2025 Books

© All rights reserved — Faculty of Law, Cairo University